|
|
|
|
| LEADER |
00000nab a2200000uu 4500 |
| 001 |
vtls011154363 |
| 003 |
SK-MaSNL |
| 005 |
20260303191057.0 |
| 008 |
230222|1998 xo |||||||||||||||||eng| |
| 015 |
|
|
|a SNBRB
|
| 035 |
|
|
|a (urnnbn)urn:nbn:sk:snk:ar-a0a7tu
|
| 035 |
|
|
|a (uuid)57f70ece-a38e-4e77-b7af-72465d3b0ed8
|
| 035 |
|
|
|a urn:nbn:sk:snk-abb34c
|
| 040 |
|
|
|a SNKBUCL
|b slo
|c SNKBUCL
|e AACR2
|
| 041 |
0 |
|
|a eng
|
| 044 |
|
|
|a xo
|c SK
|
| 100 |
1 |
|
|a Maxa, D.
|4 aut
|9 1170564
|
| 245 |
1 |
0 |
|a EFFECT OF THE ADDITION OF MOLYBDENUM HEXACARBONYL ON PROPERTIES OF VISBREAKING PRODUCTS OF THE PETROLEUM ATMOSPHERIC RESIDUE
|c D. Maxa, G. Šebor, J. Blažek, A. Al-Tayeb Abdalla
|
| 700 |
1 |
|
|a Šebor, G.
|4 aut
|9 1119341
|
| 700 |
1 |
|
|a Blažek, J.
|4 aut
|9 295897
|
| 700 |
1 |
|
|a Al-Tayeb Abdalla, A.
|4 aut
|9 1220111
|
| 773 |
0 |
|
|t Petroleum and coal : international journal for petroleum processing, petrochemistry and coal processing
|g Roč. 40, č. 2 (1998), s. [84]-88
|
| 958 |
|
|
|a OND
|
| 958 |
|
|
|a EUIPO
|
| 958 |
|
|
|a article14
|
| 999 |
|
|
|c 2139346
|d 2141276
|